Countries (A-M) that end in -ia - Statistics

General Stats
  • This quiz has been taken 62 times
  • The average score is 18 of 24
Answer Stats
Start letter Country % Correct
A Albania
90%
A Armenia
86%
A Australia
86%
L Lithuania
85%
I India
83%
I Indonesia
81%
A Austria
80%
L Latvia
80%
M Malaysia
80%
A Algeria
78%
L Liberia
76%
B Bulgaria
75%
E Ethiopia
75%
B Bolivia
73%
C Croatia
73%
E Estonia
73%
M Macedonia
73%
C Colombia
71%
M Mauritania
69%
G Gambia
68%
G Georgia
68%
C Cambodia
66%
M Mongolia
64%
M Micronesia
51%
No matching quizzes found
Score Distribution
Percent of People with Each Score
Percentile by Number Answered
Your Score History
You have not taken this quiz